¡Mejore su bridge! (Record no. 138401)

MARC details
000 -LEADER
campo de control de longitud fija 00787nam a2200217 i 4500
001 - NÚMERO DE CONTROL
campo de control 138401
003 - IDENTIFICADOR DE NÚMERO DE CONTROL
campo de control ES-MaACL
005 - FECHA Y HORA DE LA ÚLTIMA TRANSACCIÓN
campo de control 20250928113711.0
007 - CAMPO FIJO DE DESCRIPCIÓN FÍSICA--INFORMACIÓN GENERAL
campo de control de longitud fija t|
008 - DATOS DE LONGITUD FIJA--INFORMACIÓN GENERAL
campo de control de longitud fija 070214s1955 sp ad ||||1| spa d
100 1# - ENTRADA PRINCIPAL--NOMBRE DE PERSONA
Nombre de persona Sandig, Edmund.
9 (RLIN) 103089
245 11 - MENCIÓN DEL TÍTULO
Título ¡Mejore su bridge!
Resto del título : consejos a los jugadores de bridge con nulos /
Mención de responsabilidad, etc. Edmundo Sandig ; prólogo de Miguel Masriera ; epílogo de Noel Clarasó ; con ilustraciones de Zaragüeta.
260 ## - PUBLICACIÓN, DISTRIBUCIÓN, ETC.
Lugar de publicación, distribución, etc. Madrid :
Nombre del editor, distribuidor, etc. Aguilar,
Fecha de publicación, distribución, etc. 1955.
300 ## - DESCRIPCIÓN FÍSICA
Extensión XXXVI, 308 p. :
Otras características físicas il., 1 gráf. pleg. ;
Dimensiones 22 cm.
650 04 - PUNTO DE ACCESO ADICIONAL DE MATERIA--TÉRMINO DE MATERIA
Término de materia o nombre geográfico como elemento de entrada Bridge (juego)
9 (RLIN) 10617
700 1# - ENTRADA AGREGADA--NOMBRE PERSONAL
Nombre de persona Masriera y Rubio, Miguel.
9 (RLIN) 78778
700 1# - ENTRADA AGREGADA--NOMBRE PERSONAL
Nombre de persona Clarasó, Noel,
Fechas asociadas al nombre 1899-1985
9 (RLIN) 39003
700 1# - ENTRADA AGREGADA--NOMBRE PERSONAL
Nombre de persona Zaragüeta, Mariano.
9 (RLIN) 149375
852 ## - LOCALIZACIÓN
Ubicación ES-MaACL
Número de control de estantería C-9232
Holdings
Estatus retirado Estado de pérdida Estado de daño No para préstamo Biblioteca de origen Biblioteca actual Ubicación en estantería Fecha de adquisición Fuente de adquisición Total de préstamos Signatura topográfica completa Código de barras Visto por última vez Precio de reemplazo Tipo de ítem Koha
        Biblioteca del Ateneo de Madrid Biblioteca del Ateneo de Madrid Sala Palomar 17/01/2008     C-9232 1144015 23/02/2023 23/02/2023 Libro impreso